01651nam a2200397 a 4500001001000000003000500010005001700015008004100032010001100073011001100084040000900095090001000104100003400114245016900148260004100317500006000358502007700418590004100495590004100536590004000577590004000617590004000657650002400697650002300721650004700744650004300791650002600834700003800860856007000898901000700968942001000975942000600985999001900991952012401010952011901134000109294CHAP20220329144045.0140416s2013 mx sm |||||||spa d a105756 a106728 cCHAP aTesis1 aRosas Cuevas, Lisbeth912659810aEvaluación de la calidad nutracéutica en cuatro colores de flor de dalia (Dahlia x hortirum)h[En línea]cpor Lisbeth Rosas Cuevas y Daniel Trujillo García. aChapingo, Méx. :bEl autor,c2013. aPara ver el contenido del material haga clic en la liga aTesis (Ing. Agr. Esp. en Fitotecnia) -- UACH. Departamento de Fitotecnia aBATCH-UPDb10c20141002lUCH01h0901 aE11695DGDb10c20140424lUCH01h1159 aE5995AHEb05c20140416lUCH01h0904 aE5995AHEb05c20140416lUCH01h0904 aE5995AHEb05c20140416lUCH01h111614aAntioxidantes9607014aAntocianinas9607814aDaliaxFisiología y morfología.93094614aNutrifármacosxProducción.912502414aVitaminas (C)91200141 aTrujillo García, Daniel9126599 aFinding aiduhttp://10.13.5.2/tesis/sist109294.pdfzTeclea aquí aBK cTESIS n0 c105756d105756 00102local40718TESISaBCbBCd2014-04-16fTESISl0oTesisp33724002396736r2019-12-31 00:00:00tc.2w2014-04-16yCD 00102local40718TESISaBCbBCd2014-04-16fTESISl0oTesisp33724002396777r2019-12-31 00:00:00w2014-04-16yCD